000 004800000a22001690004500
041 0 _aSPA
082 0 4 _aG 268.42 R778p
100 1 _aRoop, Geane A.
245 1 0 _aEl primario y su iglesia / Geane A. Roop ; Olivia S. D. de Lerín, Traductor
260 _aEl Paso, TX., USA : Casa Bautista de Publicaciones
300 _a111 Pag
001 7897
942 _cBK
999 _c38099
_d38099
336 _atexto
_btxt
_2rdacontent
337 _2rdamedia
_asin mediación
_bn
338 _2rdacarrier
_avolumen
_bnc